15 mejores películas según IMDb - Estadísticas

Estadísticas generales
  • Esta prueba ha sido intentada 448 veces
  • La puntuación promedio es 5 de 15
Estadísticas de respuestas
Hint Respuesta % Correcto
9,1 El padrino
85%
8,8 Pulp fiction
49%
9,2 Cadena perpetua
43%
9,0 El caballero oscuro
43%
8,8 El club de la lucha
39%
8,7 El imperio contraataca
33%
8,8 Forrest Gump
32%
8,7 Origen
27%
8,9 La lista de Schindler
26%
8,9 El señor de los anillos el retorno del Rey
23%
8,9 12 hombres sin piedad
21%
8,7 El señor de los anillos: Las dos torres
18%
9,0 El padrino: parte II
16%
8,8 El bueno, el feo y el malo
15%
8,8 El señor de los anillos: La comunidad del anillo
7%
No se encontraron pruebas coincidentes
Distribución de puntuación
Porcentaje de gente con cada puntuación
Porcentaje por número respondido
Historial de tus puntuaciones
No has intentado esta prueba.